000 00515nam a22001817a 4500
003 0
005 20240417142614.0
008 240417b xxu||||| |||| 00| 0 eng d
020 _a978-1-912464-07-4
050 _aCL
_bWel453 2018
082 _aCL
_bWel453 2018
100 _aWells, H.G.
245 _aThe war of the worlds
_cH.G. Wells
260 _aBerkshire, United Kingdom
_bBaker Street Press
_cc2018.
300 _a63 pages :
_bcolored illustrations ;
_c20cm.
650 _aClassic book.
942 _2ddc
_cBK
999 _c365946
_d365946